Letters by A Modern Mystic (Record no. 1361756)

MARC details
000 -LEADER
fixed length control field 00687nam a2200289Ia 4500
008 - FIXED-LENGTH DATA ELEMENTS--GENERAL INFORMATION
fixed length control field 160321s9999||||xx |||||||||||||| ||und||
040 ## - CATALOGING SOURCE
Transcribing agency English
082 ## - DEWEY DECIMAL CLASSIFICATION NUMBER
Classification number XI.C/Laubach
082 ## - DEWEY DECIMAL CLASSIFICATION NUMBER
Item number BORI-38907
100 ## - MAIN ENTRY--PERSONAL NAME
Personal name Frank C. Laubach
245 ## - TITLE STATEMENT
Title Letters by A Modern Mystic
260 ## - PUBLICATION, DISTRIBUTION, ETC. (IMPRINT)
Place of publication, distribution, etc New York
260 ## - PUBLICATION, DISTRIBUTION, ETC. (IMPRINT)
Date of publication, distribution, etc 1937
300 ## - PHYSICAL DESCRIPTION
Extent 47
300 ## - PHYSICAL DESCRIPTION
Dimensions A
300 ## - PHYSICAL DESCRIPTION
Accompanying material Paperback
530 ## - ADDITIONAL PHYSICAL FORM AVAILABLE NOTE
Availability source Jayantilal Seth
530 ## - ADDITIONAL PHYSICAL FORM AVAILABLE NOTE
Uniform Resource Identifier <a href="104106">104106</a>
563 ## - BINDING INFORMATION
Binding note Study
600 ## - SUBJECT ADDED ENTRY--PERSONAL NAME
Personal name Frank C. Laubach
630 ## - SUBJECT ADDED ENTRY--UNIFORM TITLE
Uniform title Letters by A Modern Mystic
650 ## - SUBJECT ADDED ENTRY--TOPICAL TERM
Topical term or geographic name as entry element General Indology
650 ## - SUBJECT ADDED ENTRY--TOPICAL TERM
Topical term or geographic name as entry element Philosophy
700 ## - ADDED ENTRY--PERSONAL NAME
Personal name Frank C. Laubach
730 ## - ADDED ENTRY--UNIFORM TITLE
Uniform title Letters by A Modern Mystic
942 ## - ADDED ENTRY ELEMENTS (KOHA)
Koha item type Book

No items available.